[Event "Deutsche Ländermeisterschaft 2020"]
[Site "Berlin GER"]
[Date "2020.10.02"]
[Round "4"]
[White "Bräutigam, Katerina"]
[Black "Uhlmann, Tim"]
[Result "0-1"]
[Termination "normal"]
[Board "6.7"]
[WhiteElo "1744"]
[BlackElo "1523"]
[WhiteClock "00:13:24"]
[BlackClock "01:19:27"]
[WhiteTeam "Schleswig-Holstein"]
[BlackTeam "Baden"]
[PlyCount "44"]
[WhiteFideId "16242980"]
[BlackFideId "16239210"]
[EventCountry "GER"]
[EventRounds "7"]
[EventType "team-swiss"]
[EventDate "2020.09.29"]

1. e4 {[%clk 1:30:57]} e5 {[%clk 1:30:55]} 2. Nf3 {[%clk 1:31:20]} Nc6 {[%clk
1:31:17]} 3. Bb5 {[%clk 1:31:44]} a6 {[%clk 1:31:40]} 4. Ba4 {[%clk 1:32:05]}
Nf6 {[%clk 1:32:02]} 5. O-O {[%clk 1:31:58]} Be7 {[%clk 1:31:45]} 6. Re1 {[%clk
1:31:43]} b5 {[%clk 1:32:08]} 7. Bb3 {[%clk 1:32:02]} O-O {[%clk 1:32:22]} 8.
c3 {[%clk 1:30:29]} d5 {[%clk 1:32:29]} 9. exd5 {[%clk 1:28:56]} Nxd5 {[%clk
1:32:48]} 10. Nxe5 {[%clk 1:27:38]} Nxe5 {[%clk 1:33:01]} 11. Rxe5 {[%clk
1:27:55]} Nf6 {[%clk 1:33:27]} 12. d4 {[%clk 1:22:28]} Bd6 {[%clk 1:33:46]} 13.
Re1 {[%clk 1:22:05]} Ng4 {[%clk 1:33:04]} 14. h3 {[%clk 1:20:54]} Nxf2 {[%clk
1:30:04]} 15. Qf3 {[%clk 1:13:06]} Qh4 {[%clk 1:30:08]} 16. Qxf2 {[%clk
1:11:42]} Bh2+ {[%clk 1:30:29]} 17. Kf1 {[%clk 1:11:25]} Bg3 {[%clk 1:30:47]}
18. Qe3 {[%clk 0:46:42]} Bxh3 {[%clk 1:29:20]} 19. Bd5 {[%clk 0:44:50]} Be6
{[%clk 1:19:24]} 20. Bf3 {[%clk 0:20:55]} Bc4+ {[%clk 1:19:34]} 21. Re2 {[%clk
0:16:52]} Rae8 {[%clk 1:19:07]} 22. Qg1 {[%clk 0:13:24]} Bxe2+ {[%clk 1:19:27]}
0-1

[Event "Deutsche Ländermeisterschaft 2020"]
[Site "Berlin GER"]
[Date "2020.10.02"]
[Round "4"]
[White "Haug, Mara"]
[Black "Margaryan, Susanna"]
[Result "1-0"]
[Termination "normal"]
[Board "6.8"]
[WhiteElo "1366"]
[BlackElo "1450"]
[WhiteClock "00:10:56"]
[BlackClock "00:23:34"]
[WhiteTeam "Baden"]
[BlackTeam "Schleswig-Holstein"]
[PlyCount "60"]
[WhiteFideId "16259300"]
[BlackFideId "16268210"]
[EventCountry "GER"]
[EventRounds "7"]
[EventType "team-swiss"]
[EventDate "2020.09.29"]

1. e4 {[%clk 1:30:54]} c5 {[%clk 1:30:54]} 2. Nf3 {[%clk 1:31:16]} e6 {[%clk
1:31:10]} 3. d4 {[%clk 1:31:40]} cxd4 {[%clk 1:31:30]} 4. Nxd4 {[%clk 1:32:02]}
a6 {[%clk 1:31:28]} 5. Nc3 {[%clk 1:31:51]} Qc7 {[%clk 1:31:15]} 6. Be2 {[%clk
1:29:40]} Bb4 {[%clk 1:30:36]} 7. Bd2 {[%clk 1:27:07]} Nf6 {[%clk 1:29:01]} 8.
f3 {[%clk 1:20:51]} O-O {[%clk 1:28:49]} 9. O-O {[%clk 1:15:48]} Nc6 {[%clk
1:24:28]} 10. Nb3 {[%clk 1:13:46]} b5 {[%clk 1:19:42]} 11. Qe1 {[%clk 1:11:19]}
Be7 {[%clk 1:07:55]} 12. a3 {[%clk 1:07:46]} Rd8 {[%clk 1:03:48]} 13. Be3
{[%clk 1:01:00]} d5 {[%clk 1:00:55]} 14. exd5 {[%clk 1:00:52]} Nxd5 {[%clk
1:00:55]} 15. Nxd5 {[%clk 1:00:38]} Rxd5 {[%clk 1:00:31]} 16. Bd3 {[%clk
0:56:48]} Bb7 {[%clk 0:57:58]} 17. f4 {[%clk 0:51:22]} Bf6 {[%clk 0:50:24]} 18.
Rb1 {[%clk 0:48:57]} h6 {[%clk 0:41:37]} 19. Nc5 {[%clk 0:44:46]} Be7 {[%clk
0:36:59]} 20. Nxb7 {[%clk 0:41:42]} Qxb7 {[%clk 0:37:21]} 21. Qg3 {[%clk
0:38:23]} Bc5 {[%clk 0:34:10]} 22. Bxc5 {[%clk 0:36:26]} Rxc5 {[%clk 0:34:22]}
23. Be4 {[%clk 0:34:30]} Qc7 {[%clk 0:32:01]} 24. b4 {[%clk 0:32:29]} Rc4
{[%clk 0:31:20]} 25. Qe3 {[%clk 0:23:09]} Rd8 {[%clk 0:29:03]} 26. c3 {[%clk
0:19:54]} Ne7 {[%clk 0:25:19]} 27. Rbc1 {[%clk 0:18:25]} a5 {[%clk 0:23:29]}
28. Rfd1 {[%clk 0:10:12]} Rxd1+ {[%clk 0:23:23]} 29. Rxd1 {[%clk 0:10:35]} Rxc3
{[%clk 0:23:34]} 30. Qxc3 {[%clk 0:10:56]} Qd8 1-0

[Event "Deutsche Ländermeisterschaft 2020"]
[Site "Berlin GER"]
[Date "2020.10.02"]
[Round "4"]
[White "Kölle, Tobias"]
[Black "Chassard, Cedric"]
[Result "1-0"]
[Termination "normal"]
[Board "7.2"]
[WhiteTitle "FM"]
[WhiteElo "2275"]
[BlackElo "1916"]
[WhiteClock "01:19:20"]
[BlackClock "00:42:56"]
[WhiteTeam "Württemberg"]
[BlackTeam "Saarland"]
[PlyCount "45"]
[WhiteFideId "16207378"]
[BlackFideId "16243536"]
[EventCountry "GER"]
[EventRounds "7"]
[EventType "team-swiss"]
[EventDate "2020.09.29"]

1. d4 {[%clk 1:30:53]} Nf6 {[%clk 1:30:59]} 2. c4 {[%clk 1:31:14]} e6 {[%clk
1:31:27]} 3. Nf3 {[%clk 1:31:38]} d5 {[%clk 1:31:55]} 4. Nc3 {[%clk 1:31:25]}
dxc4 {[%clk 1:32:22]} 5. e4 {[%clk 1:31:41]} Bb4 {[%clk 1:32:43]} 6. Bxc4
{[%clk 1:32:02]} Nxe4 {[%clk 1:33:07]} 7. O-O {[%clk 1:32:27]} Nxc3 {[%clk
1:33:18]} 8. bxc3 {[%clk 1:32:51]} Be7 {[%clk 1:33:35]} 9. Ne5 {[%clk 1:33:16]}
Nd7 {[%clk 1:33:45]} 10. Qg4 {[%clk 1:33:19]} O-O {[%clk 1:32:32]} 11. Re1
{[%clk 1:29:52]} Bf6 {[%clk 1:28:39]} 12. Ba3 {[%clk 1:28:24]} Be7 {[%clk
1:06:20]} 13. Nxf7 {[%clk 1:19:56]} Rxf7 {[%clk 1:06:15]} 14. Qxe6 {[%clk
1:20:20]} Ne5 {[%clk 1:05:44]} 15. Qxe5 {[%clk 1:20:44]} Bxa3 {[%clk 1:05:57]}
16. Qe8+ {[%clk 1:19:43]} Qxe8 {[%clk 1:06:18]} 17. Rxe8+ {[%clk 1:20:11]} Bf8
{[%clk 1:06:47]} 18. Rae1 {[%clk 1:18:50]} b5 {[%clk 1:03:42]} 19. Bb3 {[%clk
1:19:10]} c5 {[%clk 0:46:57]} 20. dxc5 {[%clk 1:19:27]} a5 {[%clk 0:43:28]} 21.
R1e7 {[%clk 1:18:57]} Be6 {[%clk 0:42:58]} 22. Bxe6 {[%clk 1:18:56]} Rxe8
{[%clk 0:42:56]} 23. Bxf7+ {[%clk 1:19:20]} 1-0

[Event "Deutsche Ländermeisterschaft 2020"]
[Site "Berlin GER"]
[Date "2020.10.02"]
[Round "4"]
[White "Zimmer, Luca"]
[Black "Yi, Danny"]
[Result "0-1"]
[Termination "normal"]
[Board "7.3"]
[BlackTitle "FM"]
[WhiteElo "1690"]
[BlackElo "2266"]
[WhiteClock "00:01:10"]
[BlackClock "00:14:35"]
[WhiteTeam "Saarland"]
[BlackTeam "Württemberg"]
[PlyCount "51"]
[WhiteFideId "12921424"]
[BlackFideId "12988588"]
[EventCountry "GER"]
[EventRounds "7"]
[EventType "team-swiss"]
[EventDate "2020.09.29"]

1. e4 {[%clk 1:30:53]} e5 {[%clk 1:30:54]} 2. Nf3 {[%clk 1:31:13]} Nc6 {[%clk
1:31:19]} 3. Bc4 {[%clk 1:31:34]} Bc5 {[%clk 1:31:42]} 4. c3 {[%clk 1:31:53]}
Nf6 {[%clk 1:32:01]} 5. d3 {[%clk 1:32:17]} a6 {[%clk 1:30:34]} 6. O-O {[%clk
1:32:24]} Ba7 {[%clk 1:27:40]} 7. Be3 {[%clk 1:30:10]} O-O {[%clk 1:25:43]} 8.
Nbd2 {[%clk 1:28:14]} h6 {[%clk 1:21:49]} 9. Bb3 {[%clk 1:26:39]} Re8 {[%clk
1:20:02]} 10. Bxa7 {[%clk 1:13:41]} Nxa7 {[%clk 1:17:56]} 11. Nc4 {[%clk
1:08:48]} d6 {[%clk 1:17:11]} 12. Ne3 {[%clk 1:09:01]} c5 {[%clk 1:15:10]} 13.
Nh4 {[%clk 1:02:23]} Nc6 {[%clk 0:53:36]} 14. Nhf5 {[%clk 0:57:56]} Ne7 {[%clk
0:53:10]} 15. g4 {[%clk 0:38:18]} Ng6 {[%clk 0:48:30]} 16. Ng2 {[%clk 0:25:00]}
Be6 {[%clk 0:43:01]} 17. h4 {[%clk 0:15:09]} Nh7 {[%clk 0:37:55]} 18. h5 {[%clk
0:11:57]} Nf4 {[%clk 0:31:42]} 19. Nxf4 {[%clk 0:10:52]} exf4 {[%clk 0:32:02]}
20. Kg2 {[%clk 0:05:45]} d5 {[%clk 0:17:49]} 21. Bxd5 {[%clk 0:03:36]} Bxd5
{[%clk 0:14:43]} 22. exd5 {[%clk 0:03:54]} g6 {[%clk 0:13:51]} 23. hxg6 {[%clk
0:02:29]} fxg6 {[%clk 0:14:20]} 24. d6 {[%clk 0:00:47]} gxf5 {[%clk 0:14:31]}
25. Qb3+ {[%clk 0:01:10]} Kh8 {[%clk 0:14:35]} 26. gxf5 0-1

[Event "Deutsche Ländermeisterschaft 2020"]
[Site "Berlin GER"]
[Date "2020.10.02"]
[Round "4"]
[White "Deuer, Marius"]
[Black "Hoppstädter, Daniel"]
[Result "1-0"]
[Termination "normal"]
[Board "7.4"]
[WhiteElo "2161"]
[BlackElo "1712"]
[WhiteClock "00:15:32"]
[BlackClock "00:15:03"]
[WhiteTeam "Württemberg"]
[BlackTeam "Saarland"]
[PlyCount "67"]
[WhiteFideId "16236432"]
[BlackFideId "16243625"]
[EventCountry "GER"]
[EventRounds "7"]
[EventType "team-swiss"]
[EventDate "2020.09.29"]

1. d4 {[%clk 1:30:57]} Nf6 {[%clk 1:30:55]} 2. c4 {[%clk 1:31:22]} g6 {[%clk
1:31:21]} 3. Nc3 {[%clk 1:31:36]} Bg7 {[%clk 1:31:40]} 4. g3 {[%clk 1:31:58]}
d6 {[%clk 1:31:48]} 5. Bg2 {[%clk 1:32:13]} O-O {[%clk 1:31:58]} 6. Nf3 {[%clk
1:32:34]} c5 {[%clk 1:26:59]} 7. O-O {[%clk 1:32:00]} cxd4 {[%clk 1:24:16]} 8.
Nxd4 {[%clk 1:31:57]} Qb6 {[%clk 1:19:55]} 9. e3 {[%clk 1:24:43]} Nc6 {[%clk
1:19:00]} 10. b3 {[%clk 1:22:33]} Nxd4 {[%clk 1:13:07]} 11. exd4 {[%clk
1:12:35]} Bg4 {[%clk 1:03:35]} 12. Qd3 {[%clk 1:11:54]} Bf5 {[%clk 1:02:49]}
13. Qd2 {[%clk 1:12:04]} Nd7 {[%clk 0:59:57]} 14. Rd1 {[%clk 1:11:08]} e6
{[%clk 0:56:21]} 15. h3 {[%clk 1:09:01]} h5 {[%clk 0:56:41]} 16. Qe2 {[%clk
1:07:03]} Nf6 {[%clk 0:47:24]} 17. Bg5 {[%clk 0:58:27]} Nh7 {[%clk 0:34:04]}
18. Be3 {[%clk 0:47:46]} Nf6 {[%clk 0:31:25]} 19. Rac1 {[%clk 0:47:51]} Qa6
{[%clk 0:29:08]} 20. Nb5 {[%clk 0:41:32]} Rac8 {[%clk 0:27:02]} 21. Bg5 {[%clk
0:41:26]} Nh7 {[%clk 0:24:53]} 22. Be7 {[%clk 0:40:44]} Rfe8 {[%clk 0:24:31]}
23. Bxd6 {[%clk 0:31:56]} e5 {[%clk 0:20:34]} 24. dxe5 {[%clk 0:30:15]} Bxe5
{[%clk 0:20:02]} 25. Nc7 {[%clk 0:29:25]} Rxc7 {[%clk 0:17:50]} 26. Bxc7 {[%clk
0:29:46]} Ng5 {[%clk 0:17:35]} 27. Rd8 {[%clk 0:23:07]} Rxd8 {[%clk 0:16:20]}
28. Bxd8 {[%clk 0:23:20]} f6 {[%clk 0:16:16]} 29. f4 {[%clk 0:19:27]} Bd4+
{[%clk 0:15:58]} 30. Kh2 {[%clk 0:19:00]} Ne6 {[%clk 0:15:39]} 31. Bd5 {[%clk
0:16:48]} Kg7 {[%clk 0:14:54]} 32. Re1 {[%clk 0:15:14]} Nxd8 {[%clk 0:14:38]}
33. Qe7+ {[%clk 0:15:32]} Kh6 {[%clk 0:15:03]} 34. Qf8+ 1-0

[Event "Deutsche Ländermeisterschaft 2020"]
[Site "Berlin GER"]
[Date "2020.10.02"]
[Round "4"]
[White "Reuker, Jari"]
[Black "Matthes, Aaron"]
[Result "1-0"]
[Termination "normal"]
[Board "8.1"]
[WhiteElo "2401"]
[BlackElo "2198"]
[WhiteClock "00:01:46"]
[BlackClock "00:14:06"]
[WhiteTeam "Bremen"]
[BlackTeam "Brandenburg"]
[PlyCount "91"]
[WhiteFideId "12909300"]
[BlackFideId "16227310"]
[EventCountry "GER"]
[EventRounds "7"]
[EventType "team-swiss"]
[EventDate "2020.09.29"]

1. c4 {[%clk 1:30:57]} Nf6 {[%clk 1:30:53]} 2. Nc3 {[%clk 1:31:21]} e6 {[%clk
1:31:20]} 3. e4 {[%clk 1:31:45]} d5 {[%clk 1:31:46]} 4. cxd5 {[%clk 1:32:11]}
exd5 {[%clk 1:32:11]} 5. e5 {[%clk 1:32:34]} Ne4 {[%clk 1:32:37]} 6. Nf3 {[%clk
1:32:59]} Bf5 {[%clk 1:33:00]} 7. d3 {[%clk 1:33:21]} Nxc3 {[%clk 1:33:25]} 8.
bxc3 {[%clk 1:33:47]} c5 {[%clk 1:33:43]} 9. d4 {[%clk 1:34:12]} Nc6 {[%clk
1:34:08]} 10. Bd3 {[%clk 1:34:14]} Bxd3 {[%clk 1:34:08]} 11. Qxd3 {[%clk
1:34:39]} cxd4 {[%clk 1:34:31]} 12. Nxd4 {[%clk 1:35:03]} Nxd4 {[%clk 1:34:52]}
13. cxd4 {[%clk 1:35:28]} Bb4+ {[%clk 1:35:16]} 14. Ke2 {[%clk 1:35:54]} Qd7
{[%clk 1:07:47]} 15. Rb1 {[%clk 1:36:03]} Ba5 {[%clk 1:07:35]} 16. Qb5 {[%clk
1:30:05]} Bb6 {[%clk 1:07:26]} 17. Be3 {[%clk 1:29:50]} Rc8 {[%clk 0:57:21]}
18. Rhd1 {[%clk 0:54:35]} Rc4 {[%clk 0:46:06]} 19. h3 {[%clk 0:52:29]} Qc6
{[%clk 0:44:13]} 20. f4 {[%clk 0:39:36]} Kd7 {[%clk 0:37:20]} 21. f5 {[%clk
0:38:33]} Rc8 {[%clk 0:36:06]} 22. g4 {[%clk 0:31:45]} Qxb5 {[%clk 0:35:39]}
23. Rxb5 {[%clk 0:32:11]} Kc6 {[%clk 0:36:02]} 24. Rb2 {[%clk 0:29:47]} Kd7
{[%clk 0:35:54]} 25. Rb5 {[%clk 0:25:41]} Kc6 {[%clk 0:35:09]} 26. Rdb1 {[%clk
0:21:37]} Rc7 {[%clk 0:28:36]} 27. Kd3 {[%clk 0:20:34]} Ra4 {[%clk 0:27:50]}
28. R1b2 {[%clk 0:19:35]} Ra3+ {[%clk 0:25:34]} 29. Ke2 {[%clk 0:15:42]} Ra4
{[%clk 0:25:47]} 30. Kd3 {[%clk 0:14:40]} Ra3+ {[%clk 0:24:50]} 31. R5b3 {[%clk
0:13:47]} Ra4 {[%clk 0:23:42]} 32. Rc2+ {[%clk 0:08:31]} Kd7 {[%clk 0:24:06]}
33. e6+ {[%clk 0:08:46]} Ke8 {[%clk 0:14:15]} 34. Rxc7 {[%clk 0:04:06]} Bxc7
{[%clk 0:14:41]} 35. Rxb7 {[%clk 0:02:38]} Ra3+ {[%clk 0:14:23]} 36. Ke2 {[%clk
0:02:46]} Rxa2+ {[%clk 0:14:50]} 37. Kd1 {[%clk 0:02:19]} Ra3 {[%clk 0:11:25]}
38. Rxc7 {[%clk 0:00:38]} Rxe3 {[%clk 0:11:49]} 39. Rxf7 {[%clk 0:00:46]} Rxh3
{[%clk 0:12:08]} 40. Rxg7 {[%clk 0:00:46]} Rd3+ {[%clk 0:12:35]} 41. Kc2 {[%clk
0:00:59]} Rxd4 {[%clk 0:12:50]} 42. f6 {[%clk 0:01:12]} Rc4+ {[%clk 0:12:50]}
43. Kd3 {[%clk 0:01:22]} Rc3+ {[%clk 0:13:13]} 44. Kxc3 {[%clk 0:01:46]} d4+
{[%clk 0:13:37]} 45. Kxd4 h6 {[%clk 0:14:06]} 46. Rg8# 1-0

[Event "Deutsche Ländermeisterschaft 2020"]
[Site "Berlin GER"]
[Date "2020.10.02"]
[Round "4"]
[White "Weidenhöfer, Max"]
[Black "Tiarks, Jann-Christian"]
[Result "0-1"]
[Termination "normal"]
[Board "8.3"]
[BlackTitle "CM"]
[WhiteElo "1897"]
[BlackElo "2151"]
[WhiteClock "00:01:56"]
[BlackClock "00:35:47"]
[WhiteTeam "Bremen"]
[BlackTeam "Brandenburg"]
[PlyCount "70"]
[WhiteFideId "16230566"]
[BlackFideId "12951595"]
[EventCountry "GER"]
[EventRounds "7"]
[EventType "team-swiss"]
[EventDate "2020.09.29"]

1. e4 {[%clk 1:30:56]} c5 {[%clk 1:30:50]} 2. Nf3 {[%clk 1:31:21]} d6 {[%clk
1:31:12]} 3. d4 {[%clk 1:31:46]} cxd4 {[%clk 1:31:36]} 4. Nxd4 {[%clk 1:32:12]}
Nf6 {[%clk 1:31:59]} 5. Nc3 {[%clk 1:32:36]} a6 {[%clk 1:32:24]} 6. Be3 {[%clk
1:33:00]} e5 {[%clk 1:32:49]} 7. Nb3 {[%clk 1:33:25]} Be6 {[%clk 1:33:13]} 8.
Qd2 {[%clk 1:33:46]} Be7 {[%clk 1:32:55]} 9. f3 {[%clk 1:34:08]} h5 {[%clk
1:33:18]} 10. O-O-O {[%clk 1:31:32]} Nbd7 {[%clk 1:33:32]} 11. Kb1 {[%clk
1:19:46]} b5 {[%clk 1:33:36]} 12. Rg1 {[%clk 1:14:18]} Rc8 {[%clk 1:29:22]} 13.
h3 {[%clk 1:03:32]} Nb6 {[%clk 1:26:19]} 14. g4 {[%clk 1:03:08]} hxg4 {[%clk
1:10:09]} 15. hxg4 {[%clk 1:02:20]} b4 {[%clk 1:08:46]} 16. Bxb6 {[%clk
0:54:32]} Qxb6 {[%clk 1:08:27]} 17. Nd5 {[%clk 0:49:40]} Bxd5 {[%clk 1:01:58]}
18. exd5 {[%clk 0:49:59]} a5 {[%clk 1:00:10]} 19. g5 {[%clk 0:42:41]} Nd7
{[%clk 1:00:28]} 20. Bd3 {[%clk 0:40:50]} a4 {[%clk 0:56:23]} 21. Nc1 {[%clk
0:39:07]} g6 {[%clk 0:56:42]} 22. Rh1 {[%clk 0:33:49]} Rxh1 {[%clk 0:53:10]}
23. Rxh1 {[%clk 0:34:18]} a3 {[%clk 0:53:28]} 24. bxa3 {[%clk 0:28:50]} bxa3+
{[%clk 0:53:08]} 25. Nb3 {[%clk 0:29:11]} Nc5 {[%clk 0:51:00]} 26. Rh8+ {[%clk
0:24:37]} Kd7 {[%clk 0:48:43]} 27. Rxc8 {[%clk 0:24:37]} Kxc8 {[%clk 0:49:08]}
28. Bc4 {[%clk 0:16:31]} Na4 {[%clk 0:44:51]} 29. Qa5 {[%clk 0:03:13]} Qxa5
{[%clk 0:37:12]} 30. Nxa5 {[%clk 0:03:42]} Nc3+ {[%clk 0:37:32]} 31. Ka1 {[%clk
0:04:03]} Bxg5 {[%clk 0:37:56]} 32. Nb3 {[%clk 0:03:30]} Kc7 {[%clk 0:36:39]}
33. Bd3 {[%clk 0:01:29]} Kb6 {[%clk 0:35:29]} 34. Bf1 {[%clk 0:01:51]} f5
{[%clk 0:35:47]} 35. Bd3 {[%clk 0:01:56]} Nxd5 0-1